عرض عادي
عرض مارك
- Hedetniemi, S. T.,
مدخل إسم شخص
001 - رقم الضبط
- حقل الضبط: 39432
003 - معرف رقم الضبط
- حقل الضبط: OSt
005 - تاريخ ووقت أخر عملية
- حقل الضبط: 20131111201215.0
008 - عناصر بيانات ثابتة الطول
- حقل تحكم ثابت الطول: 131111|||a|||||| | ||| d
040 ## - مصدر الفهرسة
- هيئة الفهرسة الأصلية: OSt
- وكالة الكتابة: OSt
100 ## - مدخل -- أسم شخص
- إسم شخص: Hedetniemi, S. T.,
- مصطلح الرابط: joint author.
670 ## - بيانات المصدر موجوده
- الاستشهاد بالمصدر: Work cat.: (OSt)0: Goodman, Seymour E. 39431, Introduction to the design and analysis of algorithms /, c1977.
